000 00710nam a2200289Ia 4500
005 20260324144157.0
008 008 260324s9999 xx 000 0 eng d
020 _a9781003618218
037 _aEBOOK
040 _aCRL
040 _beng
040 _cCRL
041 _2eng
041 _aeng
084 _qCRL
100 _aC.W. Chalklin; J.R. Wordie
_91218370
245 0 _aTown and Countryside
245 4 _bThe English Landowner in the National Economy, 1660–1860
260 _bTaylor and Francis
260 _c1989
365 _a
365 _b145
856 _uhttp://www.taylorfrancis.com/books/9781003618218
942 _cEBOOK
999 _c1824649
_d1824649